KOHA-Header-6

Changing Employment Relations in Australia (Record no. 2953)

000 -LEADER
fixed length control field 00329nam a2200121Ia 4500
008 - FIXED-LENGTH DATA ELEMENTS--GENERAL INFORMATION
fixed length control field 190902s9999||||xx |||||||||||||| ||und||
020 ## - INTERNATIONAL STANDARD BOOK NUMBER
International Standard Book Number 0-340-32160-1
100 ## - MAIN ENTRY--PERSONAL NAME
Personal name Lansbury,Russell D.
245 #0 - TITLE STATEMENT
Title Changing Employment Relations in Australia
260 ## - PUBLICATION, DISTRIBUTION, ETC. (IMPRINT)
Place of publication, distribution, etc New york
Name of publisher, distributor, etc Oxford University press
Date of publication, distribution, etc 1999
300 ## - PHYSICAL DESCRIPTION
Extent 254p.:
942 ## - ADDED ENTRY ELEMENTS (KOHA)
Koha item type Books
Holdings
Withdrawn status Lost status Source of classification or shelving scheme Damaged status Not for loan Collection code Permanent Location Current Location Shelving location Date acquired Barcode Date last seen Price effective from Koha item type
          English Literature MAJU MAJU Shelf No.A14 2019-09-02 6630 2019-09-02 2019-09-02 English Literature

Powered by Koha